000 00680nam a22002177a 4500
999 _c160127
_d160127
005 20190116172522.0
006 a|||||f|||| 00| 0
007 tc
008 180720b xxu||||| |||| 00| 0 eng d
010 _aB-030432-B-030453
020 _c05.00
035 _aB-030432
037 _bA.I.C.B.
082 _a485
245 _aIntermediate English Grammar
260 _aNew Delhi
_bA.I.C.B.
_cN.D.
270 _aSector-5, Rohini
_bNew Delhi
_e110085
300 _a11V.,various pages.
_c30cm(HB).
942 _2ddc
_cBRLEN
_h485
_mINT